00473nam a22001577a 4500008004100000020001500041050002300056100002600079245005800105250001200163260004500175300003800220500002000258650001200278700002500290151204b xxu||||| |||| 00| 0 eng d a0495188743 aQA 154.3 .T87 2007 aTussy, Alan S.d2007. aElementary and Intermediate Algebra /cAlan S. Tussy. a3th ed. aAustralia :bThomson Brooks/Cole,c2007. axxiv, 1094[57]p. :bill. ;c28cm. aincludes index. aAlgebra aGustafson, R. David.